Argentinien-Chile von Heute: Land, Volk und Kultur. Mit 82 Abbildungen und 3 Karten
Saved in:
| Hovedforfatter: | |
|---|---|
| Format: | Bog |
| Sprog: | tysk |
| Udgivet: |
Lübeck
Otto Quitzow
1925
|
| Udgivelse: | 1a. ed |
| Fag: | |
| Tags: |
Tilføj Tag
Ingen Tags, Vær først til at tagge denne postø!
|
MARC
| LEADER | 00000nam a2200000 a 4500 | ||
|---|---|---|---|
| 001 | UCJ5745 | ||
| 003 | CL-VaPUC | ||
| 008 | 070124e19250000GW |||||||||||||||||ger|d | ||
| 082 | 0 | 4 | |a 910.4 |b KLU |2 21 |
| 100 | 0 | |a Klute, Fritz |e author |9 511404 | |
| 245 | 1 | 0 | |a Argentinien-Chile von Heute: Land, Volk und Kultur. Mit 82 Abbildungen und 3 Karten |
| 250 | |a 1a. ed | ||
| 300 | |a 274 p | ||
| 942 | |c BK | ||
| 945 | |d 20070124 00:00:00 |a rinostro | ||
| 260 | |a Lübeck |b Otto Quitzow |c 1925 | ||
| 500 | |a Ilustraciones y mapas. Fotografías de los primeros años del mineral de Chuquicamata. El descriptor Campamento Latas dice relación con el tipo de "viviendas" en las cuales la empresa norteamericana Chile Exploration Company, subsidiaria de The Anaconda Mining Corporation, más conocida como Chilex, hacía vivir a los trabajadores del mineral; casas de dos piezas, cuyo patio era la calle, con agua potable y servicios higiénicos compartidos hasta por diez familias en condiciones peores que las conocidas en el peor momento de los tristemente célebres conventillos: Lo afirmo con conocimiento de causa puesto que viví mi infancia,hasta los 15 años, en el mineral. Igualmente indignos eran el Campamento Los Adobes, Los Seiscientos, El Campamento Hundido. En Chuquicamata el tener agua corriente y baño en la casa era un privilegio sólo reservado a los empleados norteamericanos quienes vivían en el, obvio, Campamento Americano. Quien quiera detalles, lea Chuquicamata, Estado Yanqui, de Latcham, quien queda corto en su relato-denuncia | ||
| 650 | 0 | |a Viajes |9 257115 | |
| 650 | 0 | |a Geografía |9 259346 | |
| 650 | 0 | |a Historia |9 255047 | |
| 650 | 7 | |a TIPOS HUMANOS |2 CL-VaPUC |9 504574 | |
| 650 | 7 | |a GAUCHOS |2 CL-VaPUC |9 317962 | |
| 650 | 0 | |a Recursos naturales |9 255232 | |
| 650 | 7 | |a FLORA |2 CL-VaPUC |9 264745 | |
| 650 | 7 | |a FAUNA |2 CL-VaPUC |9 349523 | |
| 650 | 7 | |a LLAMAS |2 CL-VaPUC |9 511405 | |
| 650 | 0 | |a Auquénidos |9 511406 | |
| 650 | 7 | |a CAMELIDOS |2 CL-VaPUC |9 451113 | |
| 650 | 0 | |a Bosques |9 269804 | |
| 650 | 7 | |a LLARETA |2 CL-VaPUC |9 511407 | |
| 650 | 0 | |a Ganadería |9 264177 | |
| 650 | 7 | |a SALITRERAS |2 CL-VaPUC |9 375452 | |
| 650 | 0 | |a Arqueología |9 265619 | |
| 650 | 0 | |a Mapas |9 260844 | |
| 650 | 0 | |a Ilustraciones |9 369481 | |
| 651 | 0 | |a Argentina |9 254888 | |
| 651 | 0 | |a Brasil |9 267393 | |
| 651 | 7 | |a CHILE |2 CL-VaPUC |9 511408 | |
| 651 | 7 | |a TEMUCO |2 CL-VaPUC |9 360247 | |
| 651 | 7 | |a VICTORIA |2 CL-VaPUC |9 508757 | |
| 651 | 7 | |a NAHUELHUAPI |2 CL-VaPUC |9 511409 | |
| 651 | 7 | |a ANTOFAGASTA |2 CL-VaPUC |9 319270 | |
| 651 | 7 | |a AYQUINA |2 CL-VaPUC |9 408679 | |
| 651 | 7 | |a CASPANA |2 CL-VaPUC |9 268589 | |
| 651 | 7 | |a RIO GRANDE |2 CL-VaPUC |9 504274 | |
| 651 | 7 | |a CHIU CHIU |2 CL-VaPUC |9 507602 | |
| 651 | 7 | |a LIMON VERDE |2 CL-VaPUC |9 511410 | |
| 651 | 7 | |a CHUQUICAMATA |2 CL-VaPUC |9 444767 | |
| 651 | 7 | |a CAMPAMENTO LATAS |2 CL-VaPUC |9 511411 | |
| 651 | 7 | |a TALTAL |2 CL-VaPUC |9 506713 | |
| 651 | 0 | |a Santiago |9 265444 | |
| 651 | 0 | |a Valparaíso, Chile |9 261144 | |
| 651 | 0 | |a Valparaíso, Chile |9 261144 | |
| 583 | |a last modification |c 20070124 00:00:00 |k Rodrigo Vera | ||
| 999 | |c 321854 |d 321852 | ||
| 952 | |0 0 |1 0 |4 0 |6 910_400000000000000_KLU_1925 |7 0 |8 X |9 400720 |a FDOBUD |b FDOBUD |d 2019-11-22 |i 1039334 |o 910.4 KLU 1925 |p 1039334 |r 2019-11-22 |w 2019-11-22 |y BK_X |k BUD | ||